[Event "22nd Abu Dhabi Int. Chess Festival  Masters Tourna"]
[Site "Abu Dhabi"]
[Date "2015.08.25"]
[Round "4"]
[Board "37"]
[White "Yashas, D."]
[Black "Bulmaga, Irina"]
[Result "1/2-1/2"]
[WhiteElo "2135"]
[BlackElo "2393"]
[PlyCount "0"]
[EventDate "2015.08.23"]
[EventRounds "9"]
[EventCountry "UAE"]

1. e4 {[%clk 1:24:27]} e5 {[%clk 1:30:51]} 2. Nf3 {[%clk 1:24:43]} Nc6
{[%clk 1:31:14]} 3. Bb5 {[%clk 1:25:03]} a6 {[%clk 1:31:37]} 4. Ba4
{[%clk 1:25:22]} Nf6 {[%clk 1:31:59]} 5. Qe2 {[%clk 1:25:41]} b5 {[%clk 1:32:13]}
6. Bb3 {[%clk 1:25:57]} Bc5 {[%clk 1:32:34]} 7. O-O {[%clk 1:25:27]} O-O
{[%clk 1:32:39]} 8. c3 {[%clk 1:25:41]} d5 {[%clk 1:31:48]} 9. d3 d4
{[%clk 1:30:02]} 10. Bg5 {[%clk 1:24:08]} h6 {[%clk 1:30:25]} 11. Bxf6
{[%clk 1:23:19]} Qxf6 {[%clk 1:30:25]} 12. Bd5 {[%clk 1:11:10]} dxc3
{[%clk 1:30:23]} 13. bxc3 {[%clk 1:11:10]} Bd7 {[%clk 1:30:36]} 14. Nbd2
{[%clk 1:08:39]} Rad8 {[%clk 1:29:07]} 15. Bxc6 {[%clk 1:01:10]} Bxc6
{[%clk 1:24:51]} 16. Rfe1 {[%clk 0:58:00]} Rfe8 {[%clk 1:24:51]} 17. Nb3
{[%clk 0:56:32]} Bb6 {[%clk 1:23:42]} 18. Rad1 {[%clk 0:54:58]} a5
{[%clk 1:18:25]} 19. h3 {[%clk 0:48:07]} a4 {[%clk 1:18:25]} 20. Nc1
{[%clk 0:48:07]} Bc5 {[%clk 1:18:25]} 21. Qc2 {[%clk 0:43:40]} Bb7
{[%clk 1:04:48]} 22. Ne2 {[%clk 0:34:38]} Qb6 {[%clk 1:02:21]} 23. Ng3
{[%clk 0:30:30]} Bf8 {[%clk 1:00:45]} 24. Nf5 {[%clk 0:19:36]} g6
{[%clk 1:00:14]} 25. Ne3 {[%clk 0:18:43]} Qa5 {[%clk 1:00:14]} 26. Rb1
{[%clk 0:15:56]} Bg7 {[%clk 0:56:01]} 27. Red1 {[%clk 0:14:23]} c5
{[%clk 0:54:30]} 28. c4 {[%clk 0:14:23]} b4 {[%clk 0:54:41]} 29. Nd5
{[%clk 0:08:28]} Bc6 {[%clk 0:54:22]} 30. Nd2 {[%clk 0:07:31]} Qa7
{[%clk 0:52:42]} 31. Rf1 {[%clk 0:06:04]} Rd6 {[%clk 0:51:44]} 32. Kh1
{[%clk 0:04:10]} Qb8 {[%clk 0:49:39]} 33. f3 {[%clk 0:02:28]} Rdd8
{[%clk 0:48:04]} 34. g4 {[%clk 0:02:07]} Qd6 {[%clk 0:48:16]} 35. Rg1
{[%clk 0:01:44]} Bf6 {[%clk 0:48:25]} 36. Nf1 {[%clk 0:01:13]} Bg5
{[%clk 0:48:13]} 37. Qf2 {[%clk 0:00:56]} Bxd5 {[%clk 0:48:15]} 38. cxd5
{[%clk 0:01:17]} Qf6 {[%clk 0:46:19]} 39. Ne3 {[%clk 0:01:00]} Kg7
{[%clk 0:45:56]} 40. Ng2 {[%clk 0:00:51]} Rh8 {[%clk 0:43:28]} 41. Ne3
{[%clk 0:00:48]} h5 {[%clk 0:43:25]} 42. Kg2 {[%clk 0:01:07]} Qf4
{[%clk 0:42:19]} 43. Nf1 {[%clk 0:01:08]} hxg4 {[%clk 0:42:23]} 44. hxg4
{[%clk 0:01:17]} Be7 {[%clk 0:42:00]} 45. Qg3 {[%clk 0:01:25]} Qg5
{[%clk 0:41:53]} 46. Rh1 {[%clk 0:01:02]} Bd6 {[%clk 0:41:49]} 47. Rxh8
{[%clk 0:01:01]} Rxh8 {[%clk 0:42:18]} 48. Kf2 {[%clk 0:00:51]} Rh1
{[%clk 0:41:57]} 49. Kg2 {[%clk 0:00:37]} Qh6 {[%clk 0:35:41]} 50. Rd1
{[%clk 0:00:35]} c4 {[%clk 0:32:22]} 51. g5 {[%clk 0:00:44]} Qh5 {[%clk 0:30:16]}
52. dxc4 {[%clk 0:01:00]} b3 {[%clk 0:30:18]} 53. axb3 {[%clk 0:01:10]} a3
{[%clk 0:29:58]} 54. b4 {[%clk 0:01:15]} Bxb4 {[%clk 0:30:02]} 55. d6
{[%clk 0:00:53]} Kh7 {[%clk 0:27:38]} 56. d7 {[%clk 0:00:59]} Bc5
{[%clk 0:21:49]} 57. Ne3 {[%clk 0:01:21]} Rxd1 {[%clk 0:21:50]} 58. Nxd1
{[%clk 0:01:50]} a2 {[%clk 0:22:19]} 59. Qxe5 {[%clk 0:01:15]} Bb6
{[%clk 0:21:03]} 60. Qf6 {[%clk 0:01:21]} a1=Q {[%clk 0:19:46]} 61. Qxa1
{[%clk 0:01:17]} Qxg5+ {[%clk 0:20:13]} 62. Kf1 {[%clk 0:00:59]} Qg1+
{[%clk 0:19:52]} 63. Ke2 {[%clk 0:01:28]} Qg2+ {[%clk 0:20:20]} 64. Ke1
{[%clk 0:01:11]} Bd8 {[%clk 0:17:57]} 65. Qd4 {[%clk 0:00:59]} Qxf3
{[%clk 0:16:30]} 66. Nf2 {[%clk 0:00:59]} g5 {[%clk 0:12:52]} 67. e5
{[%clk 0:01:27]} Kh6 {[%clk 0:11:07]} 68. e6 {[%clk 0:01:33]} f6 {[%clk 0:07:15]}
69. c5 {[%clk 0:01:24]} Qb3 {[%clk 0:07:07]} 70. Qd6 {[%clk 0:01:16]} Kg7
{[%clk 0:05:38]} 71. Kf1 {[%clk 0:01:17]} Qe3 {[%clk 0:04:53]} 72. Qb8
{[%clk 0:00:58]} Qc1+ {[%clk 0:03:20]} 73. Kg2 {[%clk 0:01:27]} Qxc5
{[%clk 0:03:33]} 74. Qxd8 {[%clk 0:01:38]} Qc6+ {[%clk 0:03:57]} 75. Kf1
{[%clk 0:01:11]} Qc1+ {[%clk 0:04:17]} 76. Ke2 {[%clk 0:01:11]} Qc2+
{[%clk 0:04:05]} 77. Ke3 {[%clk 0:01:06]} Qc5+ {[%clk 0:04:09]} 78. Kf3
{[%clk 0:00:57]} g4+ {[%clk 0:03:32]} 79. Nxg4 {[%clk 0:01:02]} Qd5+
{[%clk 0:03:45]

[Event "22nd Abu Dhabi Int. Chess Festival  Masters Tourna"]
[Site "Abu Dhabi"]
[Date "2015.08.26"]
[Round "5"]
[Board "7"]
[White "Kulaots, Kaido"]
[Black "Vovk, Yuri"]
[Result "1-0"]
[WhiteElo "2573"]
[BlackElo "2624"]
[PlyCount "0"]
[EventDate "2015.08.23"]
[EventRounds "9"]
[EventCountry "UAE"]

1. e4 {[%clk 1:30:56]} c5 {[%clk 1:27:37]} 2. Nf3 {[%clk 1:31:18]} d6
{[%clk 1:27:46]} 3. d4 {[%clk 1:31:24]} cxd4 {[%clk 1:28:12]} 4. Nxd4
{[%clk 1:31:49]} Nf6 {[%clk 1:28:33]} 5. Nc3 {[%clk 1:32:14]} e6 {[%clk 1:28:24]}
6. g4 {[%clk 1:31:22]} e5 {[%clk 1:28:41]} 7. Bb5+ {[%clk 1:31:32]} Bd7
{[%clk 1:28:55]} 8. Bxd7+ {[%clk 1:31:56]} Qxd7 {[%clk 1:29:20]} 9. Nf5
{[%clk 1:32:19]} h5 {[%clk 1:29:46]} 10. Bg5 {[%clk 1:31:20]} Nh7
{[%clk 1:24:50]} 11. Bh4 {[%clk 1:31:14]} g6 {[%clk 1:11:51]} 12. Ne3
{[%clk 1:31:07]} hxg4 {[%clk 1:11:29]} 13. Ncd5 {[%clk 1:26:01]} Bg7
{[%clk 1:03:00]} 14. h3 {[%clk 1:16:38]} g3 {[%clk 0:58:57]} 15. fxg3
{[%clk 1:14:47]} Nc6 {[%clk 0:56:22]} 16. c3 {[%clk 1:08:00]} g5 {[%clk 0:46:23]}
17. Nf5 {[%clk 1:06:28]} O-O-O {[%clk 0:46:28]} 18. Nxg7 {[%clk 1:04:03]} gxh4
{[%clk 0:46:52]} 19. gxh4 {[%clk 1:02:32]} Ne7 {[%clk 0:45:08]} 20. Nxe7+
{[%clk 0:58:27]} Qxe7 {[%clk 0:45:37]} 21. Nf5 {[%clk 0:58:47]} Qe6
{[%clk 0:45:51]} 22. c4 {[%clk 0:56:55]} Nf6 {[%clk 0:44:17]} 23. Qd3
{[%clk 0:56:51]} Nh5 {[%clk 0:43:15]} 24. O-O-O {[%clk 0:55:55]} Nf4
{[%clk 0:42:46]} 25. Qc2 {[%clk 0:44:03]} Ng6 {[%clk 0:37:47]} 26. Kb1
{[%clk 0:34:53]} Kb8 {[%clk 0:33:09]} 27. Qd3 {[%clk 0:24:49]} Ne7
{[%clk 0:27:13]} 28. Nxd6 {[%clk 0:21:35]} Nc8 {[%clk 0:27:17]} 29. c5
{[%clk 0:21:51]} Rxh4 {[%clk 0:23:09]} 30. Qb5 {[%clk 0:12:26]} Qd7
{[%clk 0:04:06]} 31. Qb3 {[%clk 0:11:13]} Qc7 {[%clk 0:03:22]} 32. Qxf7
{[%clk 0:07:00]} Nxd6 {[%clk 0:03:41]} 33. Qf6 {[%clk 0:07:04]} Rxe4
{[%clk 0:04:06]} 34. cxd6 {[%clk 0:07:16]} Qd7 {[%clk 0:04:33]} 35. h4
{[%clk 0:07:17]} Re2 {[%clk 0:03:33]} 36. a3 {[%clk 0:05:36]} a6 {[%clk 0:03:26]}
37. Rhe1 {[%clk 0:03:43]} Rxe1 {[%clk 0:01:18]} 38. Rxe1 {[%clk 0:04:08]} Qxd6
{[%clk 0:01:07]} 39. Qxd6+ {[%clk 0:04:20]} Rxd6 {[%clk 0:01:37]} 40. h5
{[%clk 0:04:40]} e4 {[%clk 0:01:26]} 41. Kc2 {[%clk 0:04:48]} Rh6
{[%clk 0:00:34]} 42. Rh1 {[%clk 0:05:12]} Kc7 {[%clk 0:00:58]} 43. Kc3
{[%clk 0:05:27]} e3 {[%clk 0:00:34]} 44. Kd3 {[%clk 0:05:47]} Kd6
{[%clk 0:00:42]} 45. Kxe3 {[%clk 0:06:11]} Ke5 {[%clk 0:00:57]} 46. Rh2
{[%clk 0:06:13]} Kf6 {[%clk 0:00:35]} 47. Kd4 {[%clk 0:06:22]} Kg7
{[%clk 0:00:59]} 48. Kd5 {[%clk 0:05:38]} Rb6 {[%clk 0:00:52]} 49. h6+
{[%clk 0:05:34]} Kh7 {[%clk 0:01:21]} 50. b4 {[%clk 0:05:47]} Rc6
{[%clk 0:00:34]} 51. Rh3 {[%clk 0:06:01]} Rg6 {[%clk 0:00:41]} 52. Rh4
{[%clk 0:05:03]} Rf6 {[%clk 0:00:35]} 53. a4 {[%clk 0:05:07]} Rg6
{[%clk 0:00:35]} 54. Re4 {[%clk 0:02:38]} Rxh6 {[%clk 0:00:34]} 55. Re7+
{[%clk 0:02:53]} Kg8 {[%clk 0:01:03]} 56. Rxb7 {[%clk 0:03:13]} Kf8
{[%clk 0:01:31]} 57. a5 {[%clk 0:02:42]} Ke8 {[%clk 0:01:18]} 58. Rb6
{[%clk 0:02:06]} Rh4 {[%clk 0:01:27]} 59. Ke4 1-0

[Event "22nd Abu Dhabi Int. Chess Festival  Masters Tourna"]
[Site "Abu Dhabi"]
[Date "2015.08.26"]
[Round "5"]
[Board "45"]
[White "Mahdavirad, Mehdi"]
[Black "Akkam, Mazen"]
[Result "1-0"]
[WhiteElo "2271"]
[BlackElo "2074"]
[PlyCount "0"]
[EventDate "2015.08.23"]
[EventRounds "9"]
[EventCountry "UAE"]

1. b3 {[%clk 1:25:25]} Nf6 {[%clk 1:28:14]} 2. Bb2 {[%clk 1:25:52]} e6
{[%clk 1:28:35]} 3. e3 {[%clk 1:25:51]} c5 {[%clk 1:29:01]} 4. Nf3
{[%clk 1:24:38]} Nc6 {[%clk 1:29:11]} 5. Bb5 {[%clk 1:23:28]} Bd6
{[%clk 1:23:31]} 6. O-O {[%clk 1:21:06]} O-O {[%clk 1:23:56]} 7. Re1
{[%clk 1:19:44]} Qc7 {[%clk 1:22:32]} 8. Bxc6 {[%clk 1:11:28]} Qxc6
{[%clk 1:19:40]} 9. Bxf6 {[%clk 1:09:08]} gxf6 {[%clk 1:20:08]} 10. e4
{[%clk 1:06:47]} b6 {[%clk 1:18:36]} 11. c4 {[%clk 1:02:31]} Bb7 {[%clk 1:02:46]}
12. Nc3 {[%clk 1:02:50]} Kh8 {[%clk 0:46:01]} 13. d4 {[%clk 0:59:51]} cxd4
{[%clk 0:46:29]} 14. Qxd4 {[%clk 1:00:04]} e5 {[%clk 0:46:55]} 15. Qe3
{[%clk 0:42:47]} Bb4 {[%clk 0:47:23]} 16. Nh4 {[%clk 0:30:22]} Rg8
{[%clk 0:43:44]} 17. Nf5 {[%clk 0:23:42]} Rg5 {[%clk 0:42:51]} 18. Nd5
{[%clk 0:22:05]} Bxe1 {[%clk 0:39:42]} 19. Rxe1 {[%clk 0:22:21]} Rag8
{[%clk 0:37:02]} 20. g3 {[%clk 0:19:52]} Qe6 {[%clk 0:31:23]} 21. Nc7
{[%clk 0:16:57]} Qc6 {[%clk 0:31:31]} 22. Nd5 {[%clk 0:17:25]} Qe6
{[%clk 0:26:37]} 23. Qf3 {[%clk 0:07:24]} b5 {[%clk 0:18:45]} 24. h4
{[%clk 0:01:06]} R5g6 {[%clk 0:14:08]} 25. Nc7 {[%clk 0:00:49]} Qb6
{[%clk 0:14:21]} 26. Nxb5 {[%clk 0:00:47]} Qa5 {[%clk 0:11:12]} 27. Rd1
{[%clk 0:00:36]} Rf8 {[%clk 0:10:15]} 28. Nbd6 {[%clk 0:00:36]} Bc6
{[%clk 0:10:22]} 29. Qe2 {[%clk 0:00:46]} Qc5 {[%clk 0:10:35]} 30. Rd2
{[%clk 0:00:37]} h6 {[%clk 0:10:55]} 31. Kg2 {[%clk 0:00:36]} Kh7
{[%clk 0:11:16]} 32. Qf3 {[%clk 0:00:38]} Qb4 {[%clk 0:10:53]} 33. Rd3
{[%clk 0:00:32]} a5 {[%clk 0:10:58]} 34. Ne7 {[%clk 0:00:38]} a4 {[%clk 0:10:11]}
35. h5 {[%clk 0:00:48]} Rg5 {[%clk 0:09:43]} 36. Qxf6 {[%clk 0:01:16]} Qe1
{[%clk 0:09:41]} 37. Re3 {[%clk 0:01:03]} Qb1 {[%clk 0:07:58]} 38. Ng6
{[%clk 0:00:38]} fxg6 {[%clk 0:06:01]} 39. Qxf8 {[%clk 0:01:07]} gxh5
{[%clk 0:06:29]} 40. Qf7+ {[%clk 0:01:02]} Kh8 {[%clk 0:05:17]} 41. Qf6+
{[%clk 0:01:30]} Kh7 {[%clk 0:05:25]} 42. Qe7+ {[%clk 0:01:24]} Kg8
{[%clk 0:04:18]} 43. Rf3 {[%clk 0:00:42]} Bxe4 {[%clk 0:04:13]} 44. Qe8+
{[%clk 0:00:52]} Kh7 {[%clk 0:03:37]} 45. Nxe4 {[%clk 0:01:20]} Qxe4
{[%clk 0:03:55]} 46. Qxd7+ {[%clk 0:01:48]} Kh8 {[%clk 0:02:41]} 47. Qd3
{[%clk 0:01:01]} Qa8 {[%clk 0:02:25]} 48. Kh2 {[%clk 0:00:53]} h4
{[%clk 0:01:41]} 49. gxh4 {[%clk 0:00:33]} Rg4 {[%clk 0:01:34]} 50. Qf5
{[%clk 0:00:41]} Rxh4+ {[%clk 0:01:22]} 51. Kg3 {[%clk 0:01:11]} Rf4
{[%clk 0:01:47]} 52. Qxe5+ {[%clk 0:01:27]} Qd8 1-0

[Event "22nd Abu Dhabi Int. Chess Festival  Masters Tourna"]
[Site "Abu Dhabi"]
[Date "2015.08.27"]
[Round "6"]
[Board "14"]
[White "Prohaszka, Peter"]
[Black "Pakleza, Zbigniew"]
[Result "1-0"]
[WhiteElo "2602"]
[BlackElo "2520"]
[PlyCount "0"]
[EventDate "2015.08.23"]
[EventRounds "9"]
[EventCountry "UAE"]

1. d4 d5 2. c4 c6 3. Nf3 Nf6 4. Nc3 dxc4 5. a4 Bf5 6. e3 e6 7. Bxc4 Bb4 8. O-O
O-O 9. Qe2 Nbd7 10. e4 Bg6 11. Bd3 Bh5 12. e5 Nd5 13. Nxd5 cxd5 14. Qe3 Be7 15.
Ng5 Bxg5 16. Qxg5 Qxg5 17. Bxg5 Nb8 18. Bd2 Nc6 19. Bc3 Rfc8 20. a5 Bg6 21. Be2
Rc7 22. Rfe1 Rac8 23. h4 Be4 24. Bb5 Bf5 25. Re3 Ne7 26. Ra3 f6 27. h5 a6 28. Ba4
Kf7 29. f3 h6 30. exf6 gxf6 31. g4 Bh7 32. Ra1 Nc6 33. Rae1 Re7 34. Bb3 Rd8 35.
Kf2 f5 36. Kg3 Kf6 37. Ba4 Rc8 38. Kf4 fxg4 39. fxg4 Be4 40. Kg3 Kf7 41. R3e2 Rg8
42. Rf2+ Ke8 43. Rf6 Kd7 44. Kh4 Reg7 45. Bd1 Ne7 46. Bd2 Bf5 47. gxf5 Nxf5+ 48.
Rxf5 exf5 49. Bf3 Rg3 50. Rf1 Kc6 51. Bxh6 Kb5 52. Bf4 R3g7 53. Be5 Rd7 54. Rc1
Kxa5 55. Rc5+ Kb4 56. Rxd5 Rh7 57. Rd6 Rg1 58. Rb6+ Kc4 59. Rxb7 Rh6 60. Rg7 Rb1
61. Rg6 Rh7 62. Rxa6 Rxb2 63. Rf6 Kd5 1-0

[Event "22nd Abu Dhabi Int. Chess Festival  Masters Tourna"]
[Site "Abu Dhabi"]
[Date "2015.08.27"]
[Round "6"]
[Board "15"]
[White "Vakhidov, Jahongir"]
[Black "Almasi, Zoltan"]
[Result "1/2-1/2"]
[WhiteElo "2525"]
[BlackElo "2700"]
[PlyCount "0"]
[EventDate "2015.08.23"]
[EventRounds "9"]
[EventCountry "UAE"]

1. c4 {[%clk 1:21:24]} c5 {[%clk 1:30:48]} 2. Nf3 {[%clk 1:21:37]} Nc6
{[%clk 1:29:59]} 3. Nc3 {[%clk 1:21:47]} Nf6 4. g3 g6 {[%clk 1:28:57]} 5. Bg2
{[%clk 1:22:01]} Bg7 {[%clk 1:28:45]} 6. d4 {[%clk 1:22:10]} cxd4
{[%clk 1:28:36]} 7. Nxd4 {[%clk 1:22:16]} O-O {[%clk 1:27:18]} 8. O-O Qa5 9. Nb3
{[%clk 1:22:38]} Qh5 {[%clk 1:27:17]} 10. Nd5 {[%clk 1:22:48]} d6
{[%clk 1:21:20]} 11. Nf4 {[%clk 1:22:51]} Qf5 {[%clk 1:14:52]} 12. Bd2
{[%clk 1:23:03]} Qd7 {[%clk 0:18:28]} 13. Bc3 {[%clk 1:22:20]} e6
{[%clk 0:17:35]} 14. a4 {[%clk 1:11:27]} b6 {[%clk 0:15:53]} 15. a5
{[%clk 1:07:07]} Rb8 {[%clk 0:16:01]} 16. axb6 {[%clk 0:38:49]} axb6
{[%clk 0:16:26]} 17. Nd3 {[%clk 0:39:12]} Bb7 {[%clk 0:13:53]} 18. Qd2
{[%clk 0:39:25]} Rfd8 {[%clk 0:12:13]} 19. Rfd1 {[%clk 0:36:07]} Qc8
{[%clk 0:12:20]} 20. Ra4 {[%clk 0:12:42]} Ne7 {[%clk 0:11:52]} 21. f3
{[%clk 0:13:03]} e5 {[%clk 0:08:18]} 22. e4 {[%clk 0:04:11]} Nd7 23. Bh3
{[%clk 0:04:22]} f5 {[%clk 0:06:01]} 24. Nf2 {[%clk 0:04:51]} Nf6
{[%clk 0:05:53]} 25. Qe3 {[%clk 0:03:46]} Qc6 {[%clk 0:02:39]} 26. Rb4
{[%clk 0:04:14]} Ba8 {[%clk 0:02:50]} 27. Nd2 {[%clk 0:03:58]} Qc5
{[%clk 0:01:40]} 28. Qe2 {[%clk 0:03:41]} Bh6 {[%clk 0:02:00]} 29. Rb5
{[%clk 0:02:55]} Qe3 {[%clk 0:01:48]} 30. Qf1 {[%clk 0:02:20]} Bc6
{[%clk 0:01:48]} 31. Re1 {[%clk 0:02:20]} Qg5 {[%clk 0:02:17]} 32. f4
{[%clk 0:01:53]} Qh5 {[%clk 0:02:10]} 33. exf5 {[%clk 0:02:06]} gxf5
{[%clk 0:00:53]} 34. Rb3 {[%clk 0:01:23]} Ng6 {[%clk 0:01:01]} 35. Qe2
{[%clk 0:01:03]} Qxe2 {[%clk 0:00:54]} 36. Rxe2 {[%clk 0:01:32]} Bxf4
{[%clk 0:00:33]} 37. Bxf5 {[%clk 0:00:35]} Bh6 {[%clk 0:00:38]} 38. Nde4
{[%clk 0:00:38]} Nxe4 39. Bxe4 {[%clk 0:01:00]} Rdc8 {[%clk 0:00:40]} 40. Rb4
{[%clk 0:00:33]} Bf8 {[%clk 0:00:56]} 41. Bxc6 {[%clk 0:00:38]} Rxc6
{[%clk 0:01:25]} 42. Ne4 {[%clk 0:00:44]} Rbc8 {[%clk 0:01:50]} 43. Rd2
{[%clk 0:00:42]} Rxc4 {[%clk 0:01:12]} 44. Rxc4 {[%clk 0:01:04]} Rxc4
{[%clk 0:01:41]} 45. Nxd6 {[%clk 0:01:27]} Rc6 {[%clk 0:01:55]} 46. Ne4
{[%clk 0:01:48]} Rc4 {[%clk 0:02:00]} 47. Nf6+ {[%clk 0:02:03]} Kf7
{[%clk 0:02:18]} 48. Nd7 {[%clk 0:02:02]} Ke6 {[%clk 0:01:21]} 49. Kg2
{[%clk 0:02:08]} Bc5 {[%clk 0:00:48]} 50. Nxc5+ {[%clk 0:02:23]} Rxc5
{[%clk 0:01:08]} 51. Kf3 {[%clk 0:02:22]} Rc4 {[%clk 0:01:22]} 52. Rd8
{[%clk 0:02:26]} Ne7 {[%clk 0:01:07]} 53. Re8 {[%clk 0:02:55]} e4+
{[%clk 0:01:02]} 54. Ke2 {[%clk 0:03:20]} b5 {[%clk 0:01:01]} 55. Bd2
{[%clk 0:03:20]} Kf7 {[%clk 0:00:55]} 56. Rb8 {[%clk 0:03:06]} Nc6
{[%clk 0:00:56]} 57. Rb7+ {[%clk 0:03:33]} Kg6 {[%clk 0:01:22]} 58. Bc3
{[%clk 0:03:23]} b4 {[%clk 0:01:35]} 59. Bh8 {[%clk 0:03:51]} Nd4+
{[%clk 0:00:46]} 60. Bxd4 {[%clk 0:04:02]} Rxd4 {[%clk 0:01:15]} 61. Rb5
{[%clk 0:02:04]} Kf6 {[%clk 0:01:14]} 62. g4 {[%clk 0:01:48]} Rd3
{[%clk 0:00:40]} 63. Rxb4 {[%clk 0:01:54]} Ke5 {[%clk 0:00:53]} 64. Rb8
{[%clk 0:00:33]} Rh3 {[%clk 0:00:57]} 65. Rb5+ {[%clk 0:00:33]} Kf4
{[%clk 0:01:16]} 66. Rf5+ {[%clk 0:00:36]} Kxg4 {[%clk 0:01:44]} 67. Rf7
{[%clk 0:00:57]} h5 {[%clk 0:01:36]} 68. Rg7+ {[%clk 0:01:00]} Kf5
{[%clk 0:01:50]} 69. Rf7+ {[%clk 0:01:21]} Ke6 {[%clk 0:02:06]} 70. Rf8
{[%clk 0:00:51]} Rb3 {[%clk 0:01:27]} 71. Rh8 {[%clk 0:01:04]} Rh3
{[%clk 0:01:01]} 72. Re8+ {[%clk 0:01:11]} Kf5 {[%clk 0:01:26]} 73. Rf8+
{[%clk 0:01:33]} Kg4 {[%clk 0:01:49]} 74. Rg8+ {[%clk 0:01:45]} Kh4
{[%clk 0:02:01]} 75. Rb8 {[%clk 0:01:04]} Rxh2+ {[%clk 0:01:22]} 76. Ke3
{[%clk 0:01:27]} Kg3 {[%clk 0:01:42]} 77. b4 {[%clk 0:00:35]} Rb2
{[%clk 0:02:01]} 78. b5 {[%clk 0:00:35]} h4 {[%clk 0:01:01]} 79. Rg8+
{[%clk 0:00:43]} Kh2 {[%clk 0:01:22]} 80. Rg5 {[%clk 0:00:33]} Rb4
{[%clk 0:01:31]} 81. b6 {[%clk 0:0

[Event "22nd Abu Dhabi Int. Chess Festival  Masters Tourna"]
[Site "Abu Dhabi"]
[Date "2015.08.27"]
[Round "6"]
[Board "18"]
[White "Rakhmanov, Aleksandr"]
[Black "Bulmaga, Irina"]
[Result "1-0"]
[WhiteElo "2620"]
[BlackElo "2393"]
[PlyCount "0"]
[EventDate "2015.08.23"]
[EventRounds "9"]
[EventCountry "UAE"]

1. c4 {[%clk 1:30:45]} c5 {[%clk 1:30:51]} 2. Nc3 {[%clk 1:30:38]} Nc6
{[%clk 1:31:12]} 3. Nf3 {[%clk 1:23:23]} g6 {[%clk 1:30:53]} 4. e3
{[%clk 1:23:08]} Bg7 {[%clk 1:30:46]} 5. d4 {[%clk 1:23:14]} d6 {[%clk 1:24:31]}
6. d5 {[%clk 1:23:00]} Ne5 {[%clk 1:23:58]} 7. Nd2 {[%clk 1:10:44]} Nf6
{[%clk 1:17:19]} 8. Be2 {[%clk 1:08:03]} O-O {[%clk 1:17:28]} 9. O-O
{[%clk 1:03:54]} a6 {[%clk 1:12:05]} 10. a4 {[%clk 1:03:41]} b6 {[%clk 1:12:18]}
11. h3 {[%clk 0:59:19]} Ned7 {[%clk 1:10:10]} 12. f4 {[%clk 0:53:08]} Rb8
{[%clk 1:06:58]} 13. Kh2 {[%clk 0:46:11]} Ne8 {[%clk 1:02:50]} 14. Nde4
{[%clk 0:38:02]} Ndf6 {[%clk 0:54:37]} 15. Ng5 {[%clk 0:37:47]} Nc7
{[%clk 0:46:43]} 16. e4 {[%clk 0:34:35]} e6 {[%clk 0:42:40]} 17. dxe6
{[%clk 0:26:37]} Nxe6 {[%clk 0:40:05]} 18. Nxe6 {[%clk 0:25:36]} fxe6
{[%clk 0:38:17]} 19. Be3 {[%clk 0:24:58]} Bb7 {[%clk 0:36:43]} 20. Bf3
{[%clk 0:23:00]} Qc7 {[%clk 0:36:56]} 21. Qd2 {[%clk 0:18:36]} Rbd8
{[%clk 0:36:35]} 22. Rad1 {[%clk 0:18:52]} Kh8 {[%clk 0:28:58]} 23. Bf2
{[%clk 0:12:18]} Nh5 {[%clk 0:23:04]} 24. Bxh5 {[%clk 0:11:32]} gxh5
{[%clk 0:23:28]} 25. Bh4 {[%clk 0:11:39]} Rd7 {[%clk 0:20:30]} 26. e5
{[%clk 0:09:02]} Qc6 {[%clk 0:19:45]} 27. Rf2 {[%clk 0:05:57]} Rff7
{[%clk 0:12:34]} 28. exd6 {[%clk 0:04:30]} Bd4 {[%clk 0:13:00]} 29. Be7
{[%clk 0:04:23]} Rg7 {[%clk 0:10:48]} 30. Re2 {[%clk 0:02:47]} Be3
{[%clk 0:09:30]} 31. Qc2 {[%clk 0:02:11]} Bxf4+ {[%clk 0:09:49]} 32. Kh1
{[%clk 0:01:37]} Rg6 {[%clk 0:05:08]} 33. Ne4 {[%clk 0:01:43]} Kg7
{[%clk 0:03:05]} 34. Rf1 {[%clk 0:01:33]} e5 {[%clk 0:02:48]} 35. Nc3
{[%clk 0:01:12]} Rdxd6 {[%clk 0:01:21]} 36. Bxd6 {[%clk 0:01:11]} Qxd6
{[%clk 0:01:48]} 37. Nd5 {[%clk 0:00:54]} Bxd5 {[%clk 0:01:47]} 38. cxd5
{[%clk 0:01:08]} Qxd5 {[%clk 0:02:12]} 39. Rd1 {[%clk 0:00:34]} Qc6
{[%clk 0:01:55]} 40. Qf5 {[%clk 0:00:50]} Rd6 {[%clk 0:01:16]} 41. Rf1
{[%clk 0:01:04]} Rf6 {[%clk 0:01:04]} 42. Qxh5 {[%clk 0:01:02]} Qxa4
{[%clk 0:00:57]} 43. Ref2 {[%clk 0:00:40]} Qe4 {[%clk 0:00:49]} 44. Rd1
{[%clk 0:00:40]} Rf7 {[%clk 0:00:36]} 45. Qg4+ {[%clk 0:00:38]} Qg6
{[%clk 0:00:54]} 46. Qxg6+ {[%clk 0:00:41]} hxg6 {[%clk 0:01:22]} 47. Rd6
{[%clk 0:00:44]} e4 {[%clk 0:01:34]} 48. Re6 {[%clk 0:00:49]} e3 {[%clk 0:01:42]}
49. Rf3 {[%clk 0:00:42]} Bg5 {[%clk 0:01:30]} 50. Rxf7+ {[%clk 0:00:41]} Kxf7
{[%clk 0:01:59]} 51. Re4 {[%clk 0:00:55]} b5 {[%clk 0:02:07]} 52. b3
{[%clk 0:01:10]} a5 {[%clk 0:01:27]} 53. h4 {[%clk 0:01:36]} Bf6 {[%clk 0:01:36]}
54. Rxe3 {[%clk 0:01:53]} Bxh4 {[%clk 0:02:04]} 55. Kg1 {[%clk 0:01:18]} Bg5
{[%clk 0:01:47]} 56. Rf3+ {[%clk 0:01:30]} Ke6 {[%clk 0:01:57]} 57. Kf1
{[%clk 0:01:36]} Bf6 {[%clk 0:00:48]} 58. Ke2 {[%clk 0:01:59]} Be5
{[%clk 0:01:02]} 59. Rf8 {[%clk 0:02:10]} Kd5 {[%clk 0:00:47]} 60. Rd8+
{[%clk 0:02:14]} Bd6 {[%clk 0:00:46]} 61. Ra8 {[%clk 0:00:48]} Bc7
{[%clk 0:00:38]} 62. Ra7 {[%clk 0:01:12]} Kc6 {[%clk 0:01:01]} 63. Ra6+
{[%clk 0:00:46]} Bb6 {[%clk 0:01:29]} 64. Ra8 {[%clk 0:01:13]} c4
{[%clk 0:00:45]} 65. bxc4 {[%clk 0:01:39]} bxc4 {[%clk 0:01:06]} 66. Rg8
{[%clk 0:01:30]} a4 {[%clk 0:01:10]} 67. Kd2 {[%clk 0:01:29]} Bd4
{[%clk 0:01:09]} 68. Kc2 {[%clk 0:00:47]} a3 {[%clk 0:01:17]} 69. Ra8
{[%clk 0:00:47]} Kd5 {[%clk 0:00:33]} 70. Rxa3 {[%clk 0:01:09]} Be5
{[%clk 0:00:46]} 71. Ra6 {[%clk 0:01:09]} g5 {[%clk 0:01:03]} 72. Rg6
{[%clk 0:01:27]} Bf4 {[%clk 0:01:28]} 73. Kc3 {[%clk 0:01:40]} Be5+
{[%clk 0:01:49]} 74. Kd2 {[%clk 0:01:35]} Ke4 {[%clk 0:01:59]} 75. Ke2
{[%clk 0:01:25]} c3 {[%clk 0:01:35]} 76. Rc6 {[%clk 0:01:22]} Kf4
{[%clk 0:01:30]} 77. Rc5 {[%clk 0:01:13]} Bf6 {[%clk 0:01:37]} 78. Rc8
{[%clk 0:00:39]} Kg3 {[%clk 0:01:33]} 79. Kf1 {[%clk 0:

[Event "22nd Abu Dhabi Int. Chess Festival  Masters Tourna"]
[Site "Abu Dhabi"]
[Date "2015.08.27"]
[Round "6"]
[Board "44"]
[White "Gevorgyan, David Sh."]
[Black "Mona, Khaled"]
[Result "1-0"]
[WhiteElo "2374"]
[BlackElo "2184"]
[PlyCount "0"]
[EventDate "2015.08.23"]
[EventRounds "9"]
[EventCountry "UAE"]

1. d4 Nf6 2. c4 g6 3. Nc3 Bg7 4. e4 d6 5. Nf3 O-O 6. h3 Nfd7 7. Be2 h6 8. Be3 e5
9. Qd2 Kh7 10. O-O Nc6 11. Rad1 f5 12. dxe5 Ndxe5 13. Nxe5 Nxe5 14. c5 fxe4 15.
Nxe4 Qh4 16. f4 Nf7 17. Bd4 Re8 18. Bxg7 Kxg7 19. Qd4+ Kf8 20. cxd6 Bf5 21. Bd3
Qd8 22. g4 Bxe4 23. Bxe4 cxd6 24. Bxg6 Qh4 25. Rd3 Re7 26. Bxf7 Kxf7 27. Qd5+ Kf8
28. Qxd6 Rae8 29. f5 Kf7 30. Qd5+ Kf8 31. Qd6 Kf7 32. Qg6+ Kf8 33. f6 Rf7 34. Rf2
Qg5 35. Qxg5 hxg5 36. Rd5 1-0